| 000 | 01668nam a2200373 a 4500 | ||
|---|---|---|---|
| 001 | BRCA_8607 | ||
| 003 | FranzMayer | ||
| 005 | 20230809145151.0 | ||
| 008 | 070916s1756----sp-#######---#000-0#spa-# | ||
| 040 |
_aMFM _besp _cMFM |
||
| 041 | _aspa | ||
| 044 | _asp | ||
| 050 | 4 |
_aF1230 _b.S65 |
|
| 100 | 1 |
_aSolis y Ribadeneyra, Don Antonio de _921515 |
|
| 245 | 1 | 0 |
_aHistoria de la conquista de mexico población y progresos de la america septentrional conocida por el nombre de nueva españa _cDon Antonio de Solis y Ribadeneyra. |
| 260 |
_aBarcelona _bImprenta de Lucas de Bezares y Urrutia _c1756 |
||
| 300 |
_a548 p. _c30 cm |
||
| 500 | _aFondo antiguo | ||
| 500 | _aSe encuentra en Caja Fuerte | ||
| 500 | _aB-186 | ||
| 500 | _aPortada impresa a dos tintas negro y rojo | ||
| 500 | _aCon dedicatoria : al Rey nuestro señor Don Fernando VI | ||
| 500 | _aCon censura el excelentisimo señor Don Gaspar de Mendoza Ibañez de Segovia, aprobación del reverendissimo Padre Diego Jacinto de Thebar, Licencia del ordinario, Fe de erratas y Suma de la tassa | ||
| 500 | _aIncluye índice de los capítulos que contienen los cinco libros de esta historia, índice de cosas notables que se contienen en este libro | ||
| 500 | _aTexto escrito a dos columnas | ||
| 500 | _aFiligrana en las guardas | ||
| 500 | _aCon Ex-libris de: Franz Mayer | ||
| 500 | _aEstado físico: presenta manchas | ||
| 500 | _aNota de encuadernación: en piel pergamino | ||
| 506 | 0 | _aFondo reservado: para su consulta es necesario credencial de usuario y carta de motivos | |
| 650 | 1 | 4 |
_aHistoria _eDescubrimiento y conquista _zMéxico _910416 |
| 902 | _aLAR | ||
| 942 |
_2lcc _cB |
||
| 999 |
_c8270 _d8270 |
||